000 00705nam a22002297a 4500
003 UA-OsUOA
001 45134
007 ta
008 20070327b un ||||| |||| 00| 0 ukr d
090 _a82 (477. 81)
_bХ 91
942 _cBK
040 _aUA-OsUOA
_bukr
_cUA-OsUOA
_dUA-OsUOA
245 _aХрестоматія. Письменники Рівненщини - дітям
_bЛітературно-художнє видання
_cідповідальний за випуск Петро Велесик
300 _a400 с.
955 _a2
041 _aukr
080 _a82 (477. 81)
020 _a966-8647-08-4
260 _aРівне
_b"Азалія"
_c2005
650 7 _2UDC
999 _c331244
_d331244